Statistics for Countries or Capitals Beginning or Ending with V or W

Click here to take the quiz!

General Stats

  • This quiz has been taken 306 times
    (272 since last reset)
  • The average score is 13 of 17

Answer Stats

Answer% Correct
Warsaw
90%
Venezuela
89%
Vatican City
88%
Vietnam
88%
Wellington
88%
Vanuatu
86%
Washington
86%
Vienna
81%
Vilnius
81%
Vaduz
80%
Vientiane
78%
Windhoek
75%
Valletta
73%
Moscow
70%
Kiev
65%
Victoria
62%
Naypyidaw
46%

Score Distribution

Percentile by Number Answered

Percent of People with Each Score

Your Score History

You have not taken this quiz since the last reset